000 00681nam a2200217Ia 4500
005 20250508164454.0
008 008 250505s9999 xx 000 0 eng d
020 _a81-7036-797-2
037 _aTextual
040 _aFEDL
_beng
_cFEDL
041 _aeng
_2eng
084 _a303.32, SAR
_qFEDL
100 _aSaraswathi T. S. Ed.
245 0 _aCulture, socialization and human development: Theory research and applications in India
260 _aNew Delhi, India
_bSage Publications
_c1999
300 _a438p
365 _aINR
_b495
650 _aSocialization; Culture; Child development
_9776434
942 _cTEXL
_h303.32, SAR
999 _c1389302
_d1389302